| 000 | 00767nam a2200253 a 4500 | ||
|---|---|---|---|
| 008 | |||
| 020 | _a1899066187 (hbk.) | ||
| 049 | _aMAIN | ||
| 090 | 0 | _aRD598.35STE | |
| 245 | 0 | 0 |
_aStentless Bioprostheses / _cedited by Hans A. Huysmans, Tirone E. David, Stephen Westaby. |
| 250 | _a2nd ed. | ||
| 260 |
_aOxford : _bIsis Medical Media, _c1999. |
||
| 300 |
_axv, 256 p. : _bill. (some col.) ; _c29 cm. |
||
| 500 | _aIncludes index. | ||
| 504 | _aIncludes bibliographical references. | ||
| 700 | 1 | _aHuysmans, Hans A. | |
| 700 | 1 | _aTirone, E. David. | |
| 700 | _aWestaby, Stephen. | ||
| 907 |
_a.b10159812 _b20-07-12 _c14-03-05 |
||
| 003 | |||
| 005 | 20230120203850.0 | ||
| 040 | _cNUST | ||
| 942 |
_cBOOKS _kRD598.35STE |
||
| 999 |
_c112856 _d112856 |
||